00525cam a22002171 4500001001300000003000400013005001700017008004100034010001700075035002000092040001800112042001200130050001600142100004000158245003400198260001100232300001900243500001500262650001300277999001700290ne 65001436 DLC20260227111815.0890401s1964 xx 000 0 ara  ane 65001436  a(OCoLC)23517642 aDLCcMiUdDLC apremarc00aDS149b.F281 aAl-Faruqi, Ismaʼil R.,d1921-1986.10aUṣūl al-Ṣihyūnīyah. c[1964] a100 p.c24 cm. aRomanized. 0aZionism. c48262d48262